000 00342nam a2200145Ia 4500
008 151213s9999 xx 000 0 und d
100 _aHidayatullah
245 _aMohammedan Law
_cHidayatullah
260 _aBombay
_bTripathi Private
_c2005
300 _a2105 p.
650 _aLaw
650 _aLaw
700 _aHidayatullah
999 _c1552
_d1552